[Event "Ch City"]
[Site "masterchessopen.com Bratislava (Slovakia)"]
[Round "9"]
[White "Privara Igor (SVK)"]
[Black "Slapak Zdenek (SVK)"]
[Result "1-0"]
[WhiteElo "2264"]
[BlackElo "2080"]

1.e4 e6 2.d4 d5 3.Nd2 a6 4.Ngf3 c5 5.exd5 exd5 6.Be2 Nc6 7.O-O Bd6 8.dxc5 Bxc5
9.Nb3 Bb6 10.Nbd4 Nge7 11.Re1 O-O 12.Be3 Ng6 13.Bd3 Bg4 14.Qd2 Bxf3 15.Nxf3 d4
16.Bg5 Qd6 17.Bxg6 Qxg6 18.a3 Rac8 19.Re2 f6 20.Bf4 Rfd8 21.Rae1 d3 22.cxd3
Qxd3 23.Re8+ Kf7 24.Qxd3 {#r} 1-0

[Event "Ch City"]
[Site "masterchessopen.com Voronezh (Russia)"]
[Date "2008.02.29"]
[Round "4"]
[White "Kornilov Peter (RUS)"]
[Black "Koshelev Vladimir (RUS)"]
[Result "1-0"]
[WhiteElo "2085"]
[BlackElo "1984"]

1.e4 e6 2.d4 d5 3.Nd2 c5 4.Ngf3 a6 5.exd5 exd5 6.Qe2+ Be6 7.g3 c4 8.Bg2 Be7
9.O-O Nc6 10.c3 h6 11.Re1 Qd7 12.Ne5 Nxe5 13.dxe5 Bc5 14.Nf3 Ne7 15.Be3 Qc7
16.Bxc5 Qxc5 17.Nd4 O-O 18.Rad1 Rad8 19.h3 Nc6 20.Kh2 Nxd4 21.Rxd4 b5 22.Qd2
Rd7 23.f4 f5 24.Rd1 Rfd8 25.Bf3 g6 26.g4 Kh8 27.a3 a5 28.Kg3 Kg7 29.h4 fxg4
30.Bxg4 Qe7 31.Bf3 Qf7 32.Qg2 h5 33.Kf2 Qf5 34.Ke3 Rf8 35.Rg1 Kh7 36.Bd1 Rg7
37.Bc2 Qf7 38.Qg5 Bf5 39.Qxh5+ {#r} 1-0

[Event "Ch Colombia"]
[Site "masterchessopen.com Cartagena (Colombia)"]
[Round "10"]
[White "Zapata Alonso (COL)"]
[Black "Florez Carlos Julio (COL)"]
[Result "1-0"]
[WhiteElo "2530"]
[BlackElo "2130"]

1.e4 e6 2.d4 d5 3.Nd2 a6 4.Ngf3 c5 5.exd5 exd5 6.dxc5 Bxc5 7.Nb3 Bd6 8.c3 Ne7
9.g3 O-O 10.Bg2 Bg4 11.h3 Bh5 12.O-O Nbc6 13.Re1 Qc7 14.g4 Bg6 15.Nh4 Rad8
16.Bg5 Bh2+ 17.Kh1 Bf4 18.Nxg6 hxg6 19.Bxf4 Qxf4 20.Qf3 Qc7 21.Rad1 b6 22.Rd2
Rd7 23.Qe2 a5 24.a4 Rfd8 25.Qe3 Kh7 26.Red1 Ne5 27.Qg3 Nc4 28.Qxc7 Rxc7 29.Re2
Rcd7 30.Nd4 Rc8 31.Nb5 Rc6 32.Rde1 Nc8 33.b3 N4d6 34.Bxd5 Rc5 35.c4 Nxb5
36.axb5 Nd6 37.Bc6 Rc7 38.Rd2 Nc8 39.Re8 Ne7 40.Rdd8 g5 41.Rh8+ Kg6 42.Rd6+ f6
43.Be8# 1-0

[Event "Ch Colombia (team)"]
[Site "masterchessopen.com Colombia"]
[Round "3"]
[White "Rosado Enrique"]
[Black "Rincon Nelson"]
[Result "1-0"]
[WhiteElo "1970"]
[BlackElo "2060"]

1.e4 e6 2.d4 d5 3.Nd2 c5 4.exd5 exd5 5.Ngf3 a6 6.dxc5 Bxc5 7.Nb3 Be7 8.Bd3 Nf6
9.h3 O-O 10.Be3 Nc6 11.a3 Re8 12.Qd2 Ne4 13.Qe2 Bf6 14.O-O-O Qc7 15.g4 Be6
16.Qf1 Rac8 17.Kb1 b5 18.g5 Be7 19.Qg2 Na5 20.Nfd4 Bd7 21.Rc1 Nc4 22.h4 Nxa3+
23.bxa3 Nc3+ 24.Kb2 Na4+ 25.Ka2 Qd6 26.Nc5 Rxc5 27.Qg3 Qxg3 28.fxg3 Rc3 29.Nb3
Bxa3 30.Rce1 Bb4 31.Bd2 Be6 32.Ref1 Rec8 33.Bxc3 Bxc3 34.Kb1 g6 35.h5 d4
36.hxg6 hxg6 37.Rh4 Rc6 38.Nxd4 Rd6 39.Nxe6 Rxe6 40.Kc1 Nc5 41.Rhf4 Re7 42.Kd1
b4 43.Rxf7 Re1+ 44.Rxe1 Kxf7 45.Bc4+ Kf8 46.Rf1+ Ke7 47.Bf7 Ne4 {#r} 1-0

[Event "Ch Commonwealth (open)"]
[Site "masterchessopen.com Ekurhuleni (South Africa)"]
[Date "2011.06.26"]
[Round "2"]
[White "Bezuidenhout Roland (RSA)"]
[Black "Short Nigel D (ENG)"]
[Result "0-1"]
[WhiteElo "1811"]
[BlackElo "2698"]

1.e4 e6 2.d4 d5 3.Nd2 a6 4.Ngf3 c5 5.exd5 exd5 6.dxc5 Bxc5 7.Nb3 Bb6 8.Bd3
Qe7+ 9.Qe2 Bg4 10.Qxe7+ Nxe7 11.Ne5 Be6 12.Be3 Bxe3 13.fxe3 Nbc6 14.Nxc6 Nxc6
15.Nc5 Ke7 16.e4 d4 17.Nxe6 fxe6 18.Kd2 Ne5 19.h3 a5 20.a4 Rhf8 21.Rhf1 Kd6
22.Ke2 Rxf1 23.Rxf1 Rc8 24.Kd2 h6 25.Rf4 Ke7 26.Rf1 b6 27.Bb5 g5 28.Be2 Ra8
29.Rf2 Rh8 30.Rf1 Kd6 31.g4 Nd7 32.Bb5 Nc5 33.Rf7 Nxe4+ 34.Kd3 Ke5 35.Rf1 Nc5+
36.Kc4 Rd8 37.b4 Ne4 38.Kd3 Rc8 39.Bc4 Rxc4 {#R} 0-1

[Event "Ch Croatia"]
[Site "masterchessopen.com Croatia"]
[Round "0"]
[White "Rogic Davor (CRO)"]
[Black "Dizdar Goran (CRO)"]
[Result "0-1"]
[WhiteElo "2570"]
[BlackElo "2450"]

1.e4 e6 2.d4 d5 3.Nd2 c5 4.exd5 exd5 5.Ngf3 a6 6.dxc5 Bxc5 7.Nb3 Bb6 8.Be2 Nf6
9.O-O O-O 10.Nfd4 Nc6 11.Bf4 Ne4 12.c3 Qf6 13.Be3 Bc7 14.Nf3 Rd8 15.Nbd4 Bg4
16.Qd3 Bh5 17.Rfe1 Bg6 18.Qd1 Re8 19.g3 Rad8 20.Nxc6 bxc6 21.Qd4 Qd6 22.b4 a5
23.a3 Qd7 24.Rac1 Rb8 25.Qd1 Bh5 26.Bd4 Qh3 27.Ng5 Nxg5 {#R} 0-1

[Event "Ch Czech Chess Union"]
[Site "masterchessopen.com Pardubice (Czech Republic)"]
[Round "0"]
[White "Pribyl Martin (CZE)"]
[Black "Kacirek Petr (CZE)"]
[Result "1-0"]
[WhiteElo "2343"]
[BlackElo "2298"]

1.e4 e6 2.d4 d5 3.Nd2 c5 4.exd5 exd5 5.Ngf3 a6 6.Be2 Nc6 7.O-O Bd6 8.dxc5 Bxc5
9.Nb3 Bd6 10.Bg5 Nge7 11.Nbd4 O-O 12.c3 Qc7 13.Bh4 Nxd4 14.cxd4 Ng6 15.Bg3 Nf4
16.Re1 Qb6 17.Bf1 Bg4 18.Re3 Rac8 19.Qb3 Qxb3 20.Rxb3 Rc7 21.Rb6 Rd8 22.Rxd6
{#r} 1-0

[Event "Ch DDR"]
[Site "masterchessopen.com Eilenburg (Germany)"]
[Round "4"]
[White "Vogt Lothar (GER)"]
[Black "Steudtmann Christian (GER)"]
[Result "1-0"]
[WhiteElo "2485"]
[BlackElo "2268"]

1.e4 e6 2.d4 d5 3.Nd2 c5 4.Ngf3 a6 5.exd5 exd5 6.b3 cxd4 7.Nxd4 Bd6 8.Bb2 Ne7
9.Be2 O-O 10.O-O Qc7 11.N2f3 Nd7 12.Re1 Nc5 13.h3 Ng6 14.Bf1 Bd7 15.Ne2 Bc6
16.Nc3 Rad8 17.Nd4 Ne4 18.Nxe4 dxe4 19.Qg4 Rfe8 20.Nf5 Be5 21.Bxe5 Qxe5
22.Rad1 Rxd1 23.Rxd1 Ne7 24.Nd6 h5 25.Qe2 Rf8 26.Nc4 Qg5 27.Qe3 Qxe3 28.Nxe3
Rc8 29.g4 hxg4 30.hxg4 Ng6 31.Kg2 Nh4+ 32.Kg3 g5 33.a4 Re8 34.Rd6 Kg7 35.Bxa6
Re6 36.Rxe6 fxe6 37.Be2 Kf6 38.Nc4 Nf3 39.Bxf3 exf3 40.Nd2 {#r} 1-0

[Event "Ch Denmark (juniors)"]
[Site "masterchessopen.com Vordingborg (Denmark)"]
[Round "0"]
[White "Kaspersen Morten (DEN)"]
[Black "Stigar Petter (NOR)"]
[Result "0-1"]
[WhiteElo "2200"]
[BlackElo "2298"]

1.e4 e6 2.d4 d5 3.Nd2 c5 4.Ngf3 a6 5.exd5 exd5 6.Be2 Nc6 7.O-O cxd4 8.Re1 Be7
9.Nb3 Nf6 10.Nbxd4 O-O 11.c3 Re8 12.h3 Ne4 13.Be3 Bd6 14.Qb3 Na5 15.Qc2 Qf6
16.Bd3 Bd7 17.Rad1 Qg6 18.Kh1 Qh5 19.Qc1 Nc6 20.Kg1 Nxd4 21.Nxd4 Bxh3 22.gxh3
Qxh3 23.Bf4 Qg4+ 24.Bg3 Bxg3 25.Bxe4 Bf4+ 26.Bg2 Bxc1 {#R} 0-1

[Event "Ch Denmark (team) 1992/93"]
[Site "masterchessopen.com Denmark"]
[Round "6"]
[White "Ochsner Thomas (DEN)"]
[Black "Holst Peter (DEN)"]
[Result "1-0"]
[WhiteElo "2327"]
[BlackElo "1959"]

1.e4 e6 2.d4 d5 3.Nd2 a6 4.Ngf3 c5 5.exd5 exd5 6.Be2 cxd4 7.O-O Bc5 8.Nb3 Ba7
9.Re1 Ne7 10.Nbxd4 Nbc6 11.Be3 O-O 12.Nxc6 bxc6 13.Bxa7 Rxa7 14.Qd4 Qc7 15.Qc5
Nf5 16.Bd3 Nd6 17.Nd4 Bd7 18.Re3 Raa8 19.Rae1 Rfe8 20.h4 Rxe3 21.Rxe3 Re8
22.Rxe8+ Bxe8 23.g3 g6 24.Ne2 a5 25.Nf4 Qd8 26.h5 g5 27.Ne2 f6 28.Nd4 Qd7
29.h6 Nf7 30.Bf5 Qd6 31.Qa7 c5 32.Ne6 c4 33.Qa8 Qc6 34.Qxa5 Bd7 35.Nd4 Qb7
36.Ne6 Nxh6 37.Qd8+ {#r} 1-0

[Event "Ch Europe"]
[Site "masterchessopen.com Warsaw (Poland)"]
[Date "2005.06.22"]
[Round "5"]
[White "Iordachescu Viorel (MDA)"]
[Black "Iljushin Alexei (RUS)"]
[Result "0-1"]
[WhiteElo "2583"]
[BlackElo "2546"]

{ Iljushin Alexei (RUS) +2 =2 -3 } 1.e4 e6 2.d4 d5 3.Nd2 a6 4.Ngf3 c5 5.exd5
exd5 6.dxc5 Bxc5 7.Nb3 Bb6 { ?/= } ( 7...Ba7 8.Bd3 Nc6 9.c3 Bg4 10.O-O Nge7
11.h3 Bh5 12.Bf4 h6 13.Bc2 Rc8 14.Re1 O-O 15.Rc1 Bb6 16.Qd3 Bg6 17.Qd2 Qd7
18.Nbd4 Rfd8 19.Nxc6 Nxc6 20.Bxg6 fxg6 21.Ne5 Nxe5 22.Bxe5 Rf8 23.Bd4 Bc7
24.Rcd1 Rf5 25.Qe3 Qf7 { 1/2-1/2, Hamelink Desiree 2227 - Iljushin Alexei 2527
, Hengelo 1999 It (open) (juniors) } ) 8.Qe2+ ( 8.Bd3 Qe7+ 9.Qe2 Nc6 10.c3 Bg4
11.O-O Qxe2 12.Bxe2 Nf6 13.h3 Bh5 14.Bf4 h6 15.Rfe1 O-O-O 16.Ne5 Bxe2 17.Rxe2
Rhe8 18.Rae1 g5 19.Be3 Rxe5 20.Bxb6 Rde8 21.Be3 Nh5 22.Nc1 f5 23.Kf1 f4 24.Bc5
f3 25.gxf3 Nf4 26.Rxe5 Rxe5 27.Rxe5 Nxe5 { ...1/2-1/2, Hjartarson Johann 2628
- Nikolic Predrag 2676 , Qaqortoq 2003 It (open) } ) ( 8.Bg5 Nf6 9.Qd2 Qe7+
10.Qe2 Be6 11.O-O-O h6 12.Be3 Qc7 13.Nfd4 O-O 14.f3 a5 15.Nb5 Qd8 16.Nc5 Nbd7
17.Nxb7 Qb8 18.Bxb6 Nxb6 19.Nc5 Bf5 20.Qe3 Rc8 21.Rd2 Bg6 22.Qa3 Qf4 23.Nd4
Qd6 24.Nb7 Qe5 25.Nd6 Rd8 26.N6b5 Rd7 27.Re2 Qb8 { ...1-0, Jaracz Pawel 2546 -
Gurevich Mikhail 2634 , Metz 2002 It (open) } ) 8...Ne7 ( 8...Be6 9.Nbd4 Qe7
10.Nxe6 fxe6 11.g3 Nf6 12.Bh3 Ne4 13.O-O Nc6 14.Be3 Bxe3 15.Qxe3 O-O 16.Rae1
Qf6 17.Nd2 Nd4 18.Nxe4 dxe4 19.Rd1 Nf3+ 20.Kh1 Rae8 21.c3 Qg6 22.Bg2 e5 23.Rd7
Qg4 24.Rxb7 Rf5 25.Qc5 Kh8 26.Qc4 Nd2 27.Qe6 Ref8 28.Ra1 { ...0-1, Ivanov
Alexander 2582 - Ibragimov Ildar 2585 , Foxwoods 2003 It (open) } ) 9.Be3 Nbc6
( 9...Bg4 10.Bxb6 Qxb6 11.h3 Bxf3 12.Qxf3 Nbc6 { 1/2-1/2, Oral Tomas 2550 -
Nikolic Predrag 2638 , Selfoss 2002 It (cat.12) } ) ( 9...Bxe3 10.Qxe3 O-O
11.Be2 Nbc6 12.O-O Nf5 13.Qd2 Be6 14.Rad1 Qf6 15.c3 Rfd8 16.Nbd4 Nd6 17.Qg5
Qxg5 18.Nxg5 Bf5 19.Nxf5 Nxf5 20.Bd3 Nce7 21.Rfe1 h6 22.Nf3 Kf8 23.Re5 Ng6
24.Ree1 { 1-0, Grigoriants Sergey 2551 - Eryomenko Volodymyr 2386 , Pardubice
2003 It (open) } ) 10.O-O-O ( 10.Bxb6 Qxb6 11.Qe3 ( 11.Rd1 O-O { +0.07 CAP } )
11...Qxe3+ 12.fxe3 O-O 13.Bd3 Nf5 14.Bxf5 Bxf5 15.c3 Rae8 16.Kf2 Be4 17.Rad1
f5 18.Nbd4 Na5 19.b3 Rc8 20.Ne2 Nc6 21.Rd2 Rfe8 22.Rc1 Ne5 23.Nxe5 Rxe5 24.Rd4
Rc6 25.Ng3 Kf7 26.Nxe4 fxe4 { 1/2-1/2, Iuldachev Saidali 2487 - Gurevich
Mikhail 2634 , Gent 2002 It (open) } ) 10...O-O { -0.48 CAP } 11.h3 { N } (
11.Bxb6 Qxb6 12.Nfd4 Nf5 13.Qd2 Nd6 14.Nxc6 bxc6 15.Qd4 Qc7 16.Bd3 a5 17.Nc5
a4 18.Nxa4 Be6 19.a3 Nb7 20.Nc3 Rfd8 21.Qh4 h6 22.f4 Nc5 23.Qf2 Qa7 24.Rd2
Rdb8 25.Nb1 Qb6 26.b4 Nxd3+ 27.cxd3 d4 28.f5 Bd5 29.Rc2 Rxa3 30.Nxa3 Qxb4 {
...1/2-1/2, Heim Sverre 2383 - Solem Trond 2185 , Norway 2001 Ch Norway (qual)
} ) 11...Bf5 12.Bxb6 Qxb6 13.Nfd4 Be4 14.f3 Bg6 15.h4 Rac8 16.Rd2 { ? ?/??+ }
( 16.h5 Nxd4 17.Nxd4 Nf5 18.hxg6 { ?/? } ) 16...Nxd4 17.Nxd4 Nc6 18.Nxc6 Rxc6
19.Qf2 Re8 20.c4 Qc7 21.Bd3 Rxc4+ 22.Kb1 Rc8 23.Qe1 Qb6 24.Bxg6 Qxg6+ 25.Ka1
h5 { ?! ?/??+ } ( 25...d4 { !? } 26.Qb1 Qd6 { ?/??+ } ) 26.a3 { ?! ?/??+ } (
26.Qb1 { !? } 26...Qe6 27.Rhd1 R4c5 28.g3 { ?/??+ } ) 26...b5 27.Qd1 { ?! ??+
} ( 27.Qb1 { !? } 27...Qc6 28.Rhd1 Rc5 29.Qf5 { ?/??+ } ) 27...b4 28.axb4 Rxb4
29.Rd4 Rb5 { ?! ?/??+ } ( 29...Rxd4 { !? } 30.Qxd4 Qxg2 31.Rg1 Rc4 { ??+ } )
30.Rxd5 Qxg2 31.Rxb5 axb5 32.Rg1 { ?! ??+ } ( 32.Re1 { !? } 32...Qf2 33.Re4
Qa7+ 34.Kb1 { ?/??+ } ) 32...Qf2 33.Rg5 Qxh4 34.Rxb5 Qf4 35.Kb1 h4 36.Rd5 h3
37.Rd4 Qf5+ 38.Qd3 Qxd3+ 39.Rxd3 g5 40.Rd1 Kg7 41.Rh1 Rh8 42.Kc2 f5 43.Kd3 g4
44.fxg4 fxg4 45.Ke3 g3 46.Kf3 g2 { ??+ } {#R} 0-1

[Event "Ch Europe (juniors)"]
[Site "masterchessopen.com Groningen (Netherlands)"]
[Round "6"]
[White "Dimitrov Vladimir (BUL)"]
[Black "Nikolic Nebojsa (BIH)"]
[Result "1-0"]
[WhiteElo "2413"]
[BlackElo "2349"]

1.e4 e6 2.d4 d5 3.Nd2 a6 4.Ngf3 c5 5.exd5 exd5 6.Be2 Nf6 7.O-O c4 8.b3 b5 9.a4
c3 10.axb5 cxd2 11.Bxd2 Bb7 12.bxa6 Bxa6 13.Bxa6 Nxa6 14.Qe2+ Qe7 15.Ne5 Qe6
16.Qb5+ Nd7 17.Rfe1 Be7 18.Nc6 Nc7 19.Rxa8+ Nxa8 20.Rxe6 fxe6 21.Ne5 Nb6
22.Ba5 {#r} 1-0

[Event "Ch Europe (juniors) (under 14)"]
[Site "masterchessopen.com Baile Herculane (Romania)"]
[Round "0"]
[White "Mah Karl (ENG)"]
[Black "Iljushin Alexei (RUS)"]
[Result "1-0"]
[WhiteElo "2175"]
[BlackElo "2523"]

1.e4 e6 2.d4 d5 3.Nd2 a6 4.Ngf3 c5 5.exd5 exd5 6.Be2 c4 7.O-O Nf6 8.c3 Bd6
9.b3 b5 10.a4 Bb7 11.Ba3 O-O 12.Bxd6 Qxd6 13.Qb1 Bc6 14.axb5 axb5 15.Rxa8 Bxa8
16.Ne5 Nbd7 17.f4 Bc6 18.Bf3 Ra8 19.Re1 Nb8 20.b4 Nbd7 21.Nf1 Nb6 22.Ne3 Bd7
23.g4 Rf8 24.g5 Ne8 25.Nxd7 Qxd7 26.Qf5 Qxf5 27.Nxf5 Nc7 28.Re7 Ne6 29.Rb7 Nc8
30.Rxb5 Nxf4 31.Rb8 g6 32.Rxc8 gxf5 33.Rxf8+ Kxf8 34.Kf2 Nh3+ 35.Kg3 Nxg5
36.Bxd5 Ne4+ 37.Kf4 Nxc3 38.Bxc4 Nd1 39.Bb3 Nf2 40.Kxf5 Ke7 41.b5 f6 42.b6 Kd6
43.b7 Kc7 44.Bd5 h6 45.Bc6 Nd3 46.Kxf6 {#r} 1-0

[Event "Ch Europe (juniors) (under 14)"]
[Site "masterchessopen.com Baile Herculane (Romania)"]
[Round "0"]
[White "Smetankin Stanislav (BLR)"]
[Black "Iljushin Alexei (RUS)"]
[Result "1-0"]
[WhiteElo "2506"]
[BlackElo "2523"]

1.e4 e6 2.d4 d5 3.Nd2 a6 4.Ngf3 c5 5.exd5 exd5 6.Be2 Nc6 7.O-O cxd4 8.Nb3 Be7
9.Nbxd4 Nf6 10.c3 O-O 11.Be3 Re8 12.Nb3 Bg4 13.Nfd4 Bxe2 14.Qxe2 Qc7 15.Nf5
Bf8 16.Qf3 Ne4 17.Rad1 Ne5 18.Qh3 Rad8 19.Bf4 Qb6 20.Ne3 Ng6 21.Bg3 Qb5 22.Qf5
Nxg3 23.hxg3 Re5 24.Qf3 Bc5 25.c4 Qc6 26.cxd5 Qc7 27.Nxc5 Qxc5 28.Rc1 Qe7
29.Rfd1 h5 30.Nc4 Rg5 31.d6 Qd7 32.Qe3 Rg4 33.Nb6 Qf5 34.d7 Kh7 35.Rc8 Qf6
36.Rxd8 Qxd8 37.Qe8 {#r} 1-0

[Event "Ch Europe (juniors) (under 16)"]
[Site "masterchessopen.com Herceg Novi (Montenegro)"]
[Round "6"]
[White "Pym Thomas W (ENG)"]
[Black "Tereick Benjamin (GER)"]
[Result "0-1"]
[WhiteElo "2100"]
[BlackElo "2209"]

1.e4 e6 2.d4 d5 3.Nd2 c5 4.exd5 exd5 5.Ngf3 a6 6.dxc5 Bxc5 7.Nb3 Bb6 8.Bg5 Nf6
9.Bd3 O-O 10.O-O Nc6 11.c3 Bg4 12.Be2 Re8 13.Nfd4 Bxe2 14.Nxe2 h6 15.Bh4 Qd6
16.Bg3 Qe7 17.Ned4 Ne4 18.Nf5 Qf6 19.Qg4 Nxg3 20.Nxg3 Ne5 21.Qf5 Qxf5 22.Nxf5
Nc4 23.Nbd4 Rad8 24.b3 Nd2 25.Rfe1 Ne4 26.Re3 g6 27.Nxh6+ Kg7 28.Rh3 Bxd4
29.cxd4 f5 30.Nf7 Kxf7 31.Rh7+ Kf6 32.Rxb7 Re7 33.Rb6+ Rd6 {#R} 0-1

[Event "Ch Europe (juniors) (under 18)"]
[Site "masterchessopen.com Albena (Bulgaria)"]
[Date "2011.09.13"]
[Round "3"]
[White "Kovalev Vladislav (BLR)"]
[Black "Podolsky Anton (UKR)"]
[Result "1-0"]
[WhiteElo "2439"]
[BlackElo "2240"]

1.e4 e6 2.d4 d5 3.Nd2 c5 4.exd5 exd5 5.Ngf3 a6 6.Be2 Nc6 7.O-O c4 8.b3 b5 9.a4
Bb7 10.Re1 Be7 11.bxc4 bxc4 12.Rb1 Qc7 13.Ne5 Nf6 14.Ndxc4 O-O 15.Bf4 dxc4
16.Nxc6 Qxc6 17.Bf3 Qxa4 18.Bxb7 Rae8 19.c3 Qd7 20.Bxa6 Qf5 21.Qf3 Nd5 22.Bd2
Qc2 23.Bxc4 Qxd2 24.Bxd5 Bf6 25.Bxf7+ Kxf7 26.Qh5+ g6 27.Rb7+ Be7 28.Rbxe7+
{#r} 1-0

[Event "Ch Europe (juniors) (under 20) (g)"]
[Site "masterchessopen.com Dobrna (Slovenia)"]
[Round "5"]
[White "Dahlgruen Anja (GER)"]
[Black "Maric Alisa (SRB)"]
[Result "1-0"]
[WhiteElo "2209"]
[BlackElo "2387"]

1.e4 e6 2.d4 d5 3.Nd2 a6 4.Ngf3 c5 5.exd5 exd5 6.dxc5 Bxc5 7.Nb3 Ba7 8.Bg5 Ne7
9.Qe2 Nc6 10.O-O-O O-O 11.Nfd4 Qd6 12.g3 Nxd4 13.Nxd4 Nc6 14.Nxc6 bxc6 15.Bg2
Be6 16.Bf4 Qb4 17.a3 Qb7 18.Qd3 Bxf2 19.Rhf1 Ba7 20.Be5 Bg4 21.Rde1 f6 22.Bc3
Rfe8 23.h3 Bh5 24.g4 Bg6 25.Qg3 Qd7 26.h4 Rxe1+ 27.Rxe1 Re8 28.Rxe8+ Qxe8
29.Kb1 Qe2 30.Qc7 Bxc2+ 31.Ka2 Qc4+ 32.Ka1 Qc5 33.Qc8+ Qf8 34.Qxc6 Be4 35.Bxe4
dxe4 36.Qxa6 Qc5 37.Qe6+ Kf8 38.Bb4 {#r} 1-0

[Event "Ch Europe (seniors) (team)"]
[Site "masterchessopen.com Rogatska Slatina (Slovenia)"]
[Date "2012.03.28"]
[Round "2"]
[White "Ulker Ates (TUR)"]
[Black "Juergens Peter (GER)"]
[Result "1-0"]
[WhiteElo "2101"]
[BlackElo "2276"]

1.e4 e6 2.d4 d5 3.Nd2 c5 4.exd5 exd5 5.Ngf3 a6 6.Be2 Nf6 7.O-O Be7 8.dxc5 Bxc5
9.Nb3 Bb6 10.Bg5 O-O 11.c3 Re8 12.h3 Nc6 13.Bd3 Qd6 14.Bc2 Ne4 15.Be3 Bxe3
16.fxe3 Ng3 17.Re1 Be6 18.e4 Rad8 19.e5 Qe7 20.Nbd4 Nxd4 21.Qxd4 Bf5 22.Bxf5
Nxf5 23.Qf4 g6 24.Rad1 Qc7 25.g4 Ng7 26.Rd2 f6 27.Rde2 fxe5 28.Rxe5 Rf8 29.Qe3
Rde8 30.Nd4 Qf7 31.Rxe8 Rxe8 32.Qd2 Re7 33.Rf1 Qe8 34.Nf3 Qd8 35.Rd1 Rd7
36.Ne5 Rd6 37.Nc4 Rd7 38.Ne3 d4 39.cxd4 Ne6 40.d5 Nf4 41.Qh2 Nxd5 42.Qe5 Nc7
43.Rxd7 Qxd7 44.Kg2 Qc6+ 45.Kg3 Qd7 46.g5 Nb5 47.Kg2 Qd2+ 48.Kf3 Qd7 49.Ng4
Qd3+ 50.Kg2 Nd6 51.Qe6+ Kf8 52.Qf6+ Ke8 53.Qh8+ Kd7 {#r} 1-0

[Event "Ch European Union"]
[Site "masterchessopen.com Liverpool (England)"]
[Date "2006.09.12"]
[Round "7"]
[White "Radovanovic Jovica (SRB)"]
[Black "Eggleston David (ENG)"]
[Result "0-1"]
[WhiteElo "2331"]
[BlackElo "2239"]

1.d4 e6 2.e4 d5 3.Nd2 c5 4.Ngf3 a6 5.exd5 exd5 6.dxc5 Bxc5 7.Nb3 Bb6 8.Bd3 Nf6
9.Qe2+ Be6 10.Be3 O-O 11.Bxb6 Qxb6 12.Qe3 Qxe3+ 13.fxe3 Nbd7 14.Nfd4 Rfe8
15.h3 Re7 16.Kf2 Rae8 17.Rhe1 Ne5 18.Nc5 Bc8 19.b3 g6 20.Re2 Kg7 21.a3 Rc7
22.Na4 h5 23.Nb6 Rd8 24.a4 Rd6 25.a5 Ned7 26.Nxd7 Bxd7 27.Ke1 Rc8 28.Kd2 Re8
29.Rf2 Re7 30.Rff1 Bc6 31.Rf3 Nd7 32.Raf1 Nc5 33.Rf4 Bd7 34.R4f3 Ne4+ 35.Bxe4
dxe4 36.Rf4 g5 37.Rf5 Bxf5 38.Rxf5 Kg6 39.Rc5 Red7 40.c4 f5 41.Re5 Rxd4+
42.exd4 Rxd4+ 43.Ke1 Rd6 44.Re8 Rd3 45.g4 hxg4 46.hxg4 f4 47.Rxe4 Rxb3 48.Rd4
Rg3 49.Rd7 Rxg4 50.Rxb7 Rg2 51.Rb6+ Kf5 52.Rxa6 f3 53.Rd6 g4 54.Rd3 Ke4 55.Ra3
g3 56.a6 Re2+ 57.Kd1 g2 {#R} 0-1

[Event "Ch Finland"]
[Site "masterchessopen.com Pori (Finland)"]
[Round "0"]
[White "Westerinen Heikki M J (FIN)"]
[Black "Kekki Petri (FIN)"]
[Result "1-0"]
[WhiteElo "2410"]
[BlackElo "2335"]

1.e4 e6 2.d4 d5 3.Nd2 a6 4.Ngf3 c5 5.exd5 exd5 6.Be2 c4 7.Nf1 Bd6 8.Bg5 f6
9.Bh4 Nc6 10.c3 Nge7 11.Bg3 O-O 12.Ne3 b5 13.Qc2 Rb8 14.O-O f5 15.Bxd6 Qxd6
16.Rfe1 f4 17.Nf1 Bf5 18.Qd2 Ng6 19.h3 Rbd8 20.N1h2 Qf6 21.Bd1 Be4 22.a4 Rb8
23.axb5 axb5 24.Ra6 Ra8 25.Ng4 Qd6 26.Rxa8 Rxa8 27.Nfe5 Ra1 28.Nxg6 hxg6
29.Ne5 g5 30.Bg4 Rxe1+ 31.Qxe1 Nxe5 32.dxe5 Qc7 33.f3 Bd3 34.Kh2 Qa7 35.Be6+
Kf8 36.Bxd5 Ke7 37.Qg1 Qe3 38.Qxe3 fxe3 39.Kg1 Kd7 40.g3 Kc7 41.f4 gxf4
42.gxf4 Kd7 43.Kg2 Bf5 44.Kf3 {#r} 1-0

[Event "Ch Finland"]
[Site "masterchessopen.com Helsinki (Finland)"]
[Round "1"]
[White "Holmsten Aleksei (FIN)"]
[Black "Kokkila Tero (FIN)"]
[Result "1-0"]
[WhiteElo "2305"]
[BlackElo "2260"]

1.e4 e6 2.d4 d5 3.Nd2 c5 4.exd5 exd5 5.Ngf3 a6 6.dxc5 Bxc5 7.Nb3 Bb6 8.Nfd4
Nc6 9.Be2 Nge7 10.O-O O-O 11.Be3 Ne5 12.c3 Nc4 13.Bxc4 dxc4 14.Nd2 Bxd4
15.Bxd4 Be6 16.Re1 Nc6 17.Bc5 Re8 18.Ne4 Bd5 19.Nf6+ gxf6 20.Rxe8+ Qxe8
21.Qxd5 Qe2 22.h4 Rd8 23.Qf5 Kg7 24.Be3 Ne5 25.Bh6+ Kg8 26.f3 Rd1+ 27.Rxd1
Qxd1+ 28.Kh2 Qd8 29.h5 Kh8 30.f4 Nc6 31.Qg4 Qg8 32.Qd7 f5 33.Qxf5 Qd8 34.Bg5
Qc7 35.Qf6+ {#r} 1-0

[Event "Ch Finland (juniors)"]
[Site "masterchessopen.com Finland"]
[Round "0"]
[White "Salo Tapio (FIN)"]
[Black "Lehtivaara Risto (FIN)"]
[Result "0-1"]
[WhiteElo "2287"]
[BlackElo "2161"]

1.e4 e6 2.d4 d5 3.Nd2 a6 4.Ngf3 c5 5.exd5 exd5 6.Be2 Nf6 7.O-O Bd6 8.dxc5 Bxc5
9.Nb3 Ba7 10.Bg5 O-O 11.c3 Re8 12.Nbd4 Bg4 13.Qc2 Nbd7 14.Bd3 h6 15.Bh4 Rc8
16.Bh7+ Kh8 17.Bf5 Bxf5 18.Nxf5 Nc5 19.N5d4 b5 20.Qf5 Nce4 21.Bxf6 Nxf6
22.Rfe1 Qd6 23.Re5 g6 24.Qf4 Kg7 25.Rxe8 Qxf4 26.Rxc8 Bxd4 27.cxd4 g5 28.Rd1
Ne4 29.Rc2 h5 30.Re2 h4 31.Ne5 f6 32.Nd3 Qf5 33.f3 Nd6 34.h3 a5 35.Nc5 a4
36.b3 axb3 37.axb3 Kg6 38.Ne6 b4 39.Nc5 Nb5 40.Re8 Qc2 41.Rde1 Nxd4 42.Nd7 Kf5
43.Rf8 Kf4 44.Nxf6 Nxf3+ 45.gxf3 Kg3 46.Ne4+ dxe4 {#R} 0-1

[Event "Ch Finland (team)"]
[Site "masterchessopen.com Finland"]
[Round "7"]
[White "Saren Ilkka J (FIN)"]
[Black "Kekki Jorma (FIN)"]
[Result "1-0"]
[WhiteElo "2184"]
[BlackElo "2100"]

1.e4 e6 2.d4 d5 3.Nd2 a6 4.Ngf3 c5 5.exd5 exd5 6.dxc5 Bxc5 7.Bd3 Qe7+ 8.Qe2
Nc6 9.Qxe7+ Ngxe7 10.c3 O-O 11.O-O Bg4 12.h3 Bh5 13.Re1 Rfe8 14.Nb3 Ba7
15.Nfd4 Nxd4 16.Nxd4 Bxd4 17.cxd4 Nc6 18.Rxe8+ Rxe8 19.Be3 Nb4 20.Bf1 Rc8
21.a3 Nc2 22.Rc1 Rc6 23.g4 Bg6 24.Bg2 Nxe3 25.Rxc6 bxc6 26.fxe3 Kf8 27.b4 Bd3
28.h4 f6 29.Kf2 g6 30.g5 Kg7 31.Bh3 h6 32.Bd7 Bb5 33.gxf6+ Kxf6 34.Kg3 g5
35.Bc8 Kg6 36.Bd7 Kf6 37.Bc8 Kg6 38.Bh3 Kf6 39.hxg5+ Kxg5 40.Bd7 h5 41.Bc8 Be2
42.a4 Bd1 43.a5 Be2 44.Bd7 h4+ 45.Kf2 Bb5 46.Kf3 Ba4 47.e4 Bd1+ 48.Ke3 dxe4
49.Bxc6 Bf3 50.Bxe4 Bxe4 51.Kxe4 Kg4 52.Ke3 Kg3 53.b5 h3 54.b6 h2 55.b7 h1=Q
56.b8=Q+ Kg4 57.Qf4+ Kh5 58.Qf3+ {#r} 1-0

[Event "Ch Finland (team)"]
[Site "masterchessopen.com Finland"]
[Round "0"]
[White "Tikkanen Kari (FIN)"]
[Black "Raaste Eero J (FIN)"]
[Result "1-0"]
[WhiteElo "2260"]
[BlackElo "2299"]

1.e4 e6 2.d4 d5 3.Nd2 a6 4.Ngf3 c5 5.exd5 exd5 6.dxc5 Bxc5 7.Be2 Ne7 8.O-O O-O
9.Nb3 Bd6 10.Bg5 Nbc6 11.Bh4 Qc7 12.Bg3 Bxg3 13.hxg3 Bf5 14.c3 Rad8 15.Qd2
Rfe8 16.Rfe1 Ng6 17.Rad1 h6 18.Nfd4 Bc8 19.Nxc6 bxc6 20.Nc5 a5 21.Bd3 Qd6
22.b4 Ne5 23.Qf4 Re7 24.Qd4 Rde8 25.Re3 Nxd3 26.Rdxd3 axb4 27.cxb4 Bf5 28.Rxe7
Rxe7 29.Rd1 Re2 30.a4 Qe7 31.a5 Re1+ 32.Rxe1 Qxe1+ 33.Kh2 Bc8 34.a6 Qe2 35.Qa1
Bxa6 36.Qxa6 {#r} 1-0